|
|
|
|
| LEADER |
02566nam a2200649 a 4500 |
| 001 |
nkc20112220373 |
| 003 |
CZ PrNK |
| 005 |
20121009135052.0 |
| 007 |
ta |
| 008 |
110811s2011 xr a e 000 0 cze |
| 015 |
|
|
|a cnb002220373
|
| 020 |
|
|
|a 978-80-260-0352-6
|q (brož.)
|
| 035 |
|
|
|a (OCoLC)776502146
|
| 040 |
|
|
|a OLA001
|b cze
|d BOA001
|
| 043 |
|
|
|a d------
|
| 045 |
|
|
|a y-y-
|
| 072 |
|
7 |
|a 364
|x Sociální problémy vyžadující podporu a pomoc. Sociální zabezpečení
|2 Konspekt
|9 18
|
| 080 |
|
|
|a 364.6
|2 MRF
|
| 080 |
|
|
|a 364.662
|2 MRF
|
| 080 |
|
|
|a 339.96
|2 MRF
|
| 080 |
|
|
|a 339.96:327
|2 MRF
|
| 080 |
|
|
|a 316.423
|2 MRF
|
| 080 |
|
|
|a 341.232
|2 MRF
|
| 080 |
|
|
|a 17.026.2
|2 MRF
|
| 080 |
|
|
|a (1-773)
|2 MRF
|
| 080 |
|
|
|a (082)
|2 MRF
|
| 100 |
1 |
|
|a Tožička, Tomáš,
|d 1966-
|7 mzk2005309138
|4 aut
|
| 245 |
1 |
0 |
|a Občanská odpovědnost ve světle globální chudoby /
|c Tomáš Tožička a kolektiv autorů
|
| 260 |
|
|
|a [Praha] :
|b Educon,
|c 2011
|
| 300 |
|
|
|a 83 s. :
|b barev. il. ;
|c 23 cm
|
| 500 |
|
|
|a Vydáno pro potřeby kampaně Česko proti chudobě
|
| 504 |
|
|
|a Obsahuje bibliografie a bibliografické odkazy
|
| 648 |
|
7 |
|a 21. století
|7 ch460559
|2 czenas
|
| 650 |
0 |
7 |
|a sociální problémy
|7 ph125804
|z rozvojové země
|2 czenas
|
| 650 |
0 |
7 |
|a chudoba
|7 ph119230
|z rozvojové země
|2 czenas
|
| 650 |
0 |
7 |
|a rozvojová pomoc
|7 ph125279
|y 21. století
|2 czenas
|
| 650 |
0 |
7 |
|a rozvojová politika
|7 ph553845
|y 21. století
|2 czenas
|
| 650 |
0 |
7 |
|a globální problémy
|7 ph114633
|2 czenas
|
| 650 |
0 |
7 |
|a mezinárodní spolupráce
|7 ph122828
|2 czenas
|
| 650 |
0 |
7 |
|a solidarita
|7 ph125831
|2 czenas
|
| 650 |
0 |
9 |
|a social problems
|z developing countries
|2 eczenas
|
| 650 |
0 |
9 |
|a poverty
|z developing countries
|2 eczenas
|
| 650 |
0 |
9 |
|a development assistance
|y 21st century
|2 eczenas
|
| 650 |
0 |
9 |
|a development policy
|y 21st century
|2 eczenas
|
| 650 |
0 |
9 |
|a global problems
|2 eczenas
|
| 650 |
0 |
9 |
|a international cooperation
|2 eczenas
|
| 650 |
0 |
9 |
|a solidarity
|2 eczenas
|
| 655 |
|
7 |
|a sborníky
|7 fd163935
|2 czenas
|
| 655 |
|
9 |
|a miscellanea
|2 eczenas
|
| 710 |
2 |
|
|a Česko proti chudobě (kampaň)
|7 mzk2005304620
|
| 856 |
4 |
1 |
|u http://www.digitalniknihovna.cz/mzk/uuid/uuid:5c62d330-300f-11e3-a5bb-005056827e52
|y Digitalizovaný dokument
|x NDK
|
| 910 |
2 |
|
|a BOA001
|b 2-1275.981
|
| 990 |
|
|
|a BK
|
| 995 |
|
|
|a 01
|
| 991 |
|
|
|b 201112
|c NOV
|e n
|
| 996 |
6 |
|
|b 2610495855
|c 2-1275.981
|l MZK
|r Sklad / do 1 hodiny
|n 8
|p p.v.
|w 001217982
|u 000010
|a 1
|e BOA001
|j MZK50
|s P
|
| 996 |
7 |
|
|b 2610524986
|c 2-1275.981
|l MZK
|r Sklad / do 1 hodiny
|n 13
|p vým.
|w 001217982
|u 000020
|a 1
|e BOA001
|j MZK50
|s A
|